000 00605nam a2200193Ia 4500
003 GCL
008 140319s9999 xx 000 0 ara d
040 _aGCL /
_cGCL
082 0 4 _a658.15568
_bز ا
100 1 _aزياد رمضان
245 1 0 _aادارة الاعمال المصرفية : دراسة تطبيقية عن الاردن /
_cزياد رمضان
300 _a278 ص
490 _a
650 0 4 _aادارة الاعمال
650 0 4 _aادارة الاعمال - عمان
650 0 4 _aالمصارف التجارية
650 0 4 _aالمصارف المركزية
942 _2ddc
_cBK
999 _c48231
_d48231